000 00339nam a22001337a 4500
005 20250901165808.0
008 250320b |||||||| |||| 00| 0 eng d
020 _a9789966499592
050 _aPL 8704 .H56 2007
245 _aYanarudia tena
_cRukiya Himid
260 _aNairobi:
_bLonghorn,
_c2007.
300 _a131 p.:
_c18 cm.
942 _2lcc
999 _c9339
_d9339